LEADER 01099nam a2200277 a 4500 001 991003371859707536 008 080219s 000 0 eng d 020 $a026201159X 035 $ab13678899-39ule_inst 040 $aDip.to Filologia Ling. e Lett.$bita 100 1 $aArbib, Michael A.$013645 245 10$aNeural Organization :$bStructure, Function, and Dynamics /$cMichael A. Arbib ... [et al.] 260 $aCambridge-Massachussetts-London :$bA Bradford Book ;$cc1998 300 $aXII, 407 p. :$bill. ;$c29 cm 440 0$aNeural Organization 500 $aInclude bibliografia e indice 650 4$aNeurolinguistica 650 4$aOrganizzazione neurale$xStruttura$xFunzione$xDinamica 700 1 $aSzentągothai, Jąnos 700 1 $aErdi, Pčter 907 $a.b13678899$b02-04-14$c19-02-08 912 $a991003371859707536 945 $aLE008 FL.M. (Ling.) VIII A 24$g1$i2008000161606$lle008$nGrimaldi$o-$pE0.00$q-$rl$s- $t0$u1$v0$w1$x0$y.i14674282$z19-02-08 996 $aNeural Organization$91214117 997 $aUNISALENTO 998 $ale008$b19-02-08$cm$da $e-$feng$genk$h0$i0 LEADER 02215nam 2200445Ia 450 001 996385821203316 005 20231219230922.0 035 $a(CKB)4940000000076696 035 $a(EEBO)2248616698 035 $a(OCoLC)ocm12358474e 035 $a(OCoLC)12358474 035 $a(EXLCZ)994940000000076696 100 $a19850807d1694 uy | 101 0 $aeng 135 $aurbn#|||a|bb| 200 13$aAn entire body of philosophy according to the principles of the famous Renate Des Cartes$b[electronic resource] $ein three books, (I) the institution ... (II) the history of nature ... (III) a dissertation of the want of sense and knowledge in brute animals ... /$fwritten originally in Latin by the learned Anthony Le Grand ; now carefully translated from the last corrections, alterations, and large additions of the author, never yet published ... by Richard Blome 210 $aLondon $cPrinted by Samuel Roycroft, and sold by the undertaker Richard Blome [and 10 others]$d1694 215 $a[31], 403, [3], 263 p., [100] leaves of plates (1 folded) $cill 300 $aTranslation of: Institutio philosophiae secundum principia D. Renati Descartes. 300 $a"The whole work illustrated with almost an hundred sculptures dispersed to such places as best admit thereof: all designed, drawn and engraven historically by good artists" 300 $aThe plates are variously signed by Kip, Gucht, Lens, and Freman. 300 $aReproduction of original in University of Michigan Libraries. 300 $aImperfect: film lacks pt. 3. 330 $aeebo-0171 606 $aPhilosophy$vEarly works to 1800 615 0$aPhilosophy 700 $aLe Grand$b Antoine$fd. 1699.$01003368 701 $aBlome$b Richard$f1635-1705.$01005190 701 $aKip$b Johannes$f1653-1722.$01001292 701 $aGucht$b Michael van der$f1660-1725.$01005131 701 $aLens$b Bernard$f1659-1725.$01012087 701 $aFreman$b G$01012088 801 0$bEAA 801 1$bEAA 801 2$bm/c 801 2$bWaOLN 906 $aBOOK 912 $a996385821203316 996 $aAn entire body of philosophy according to the principles of the famous Renate Des Cartes$92347894 997 $aUNISA